000 00421nam a2200157Ia 4500
008 221030s9999 xx 000 0 und d
020 _a8186340602
041 _aEnglish
082 _a105.23
_bKro
100 _aD. M. Kroenke
245 0 _aDatabase Processing : Fundamentals, Design, Implementation
_cby D. M. Kroenke
260 _bGalgotia Pub
_aNew Delhi
_c1997
300 _a607
650 _aBE Computer
942 _cBK
999 _c7320
_d7320